Freedom and security (Record no. 225504)
[ view plain ]
| 000 -LEADER | |
|---|---|
| fixed length control field | 01339nam a2200361 a 4500 |
| 082 04 - DEWEY DECIMAL CLASSIFICATION NUMBER | |
| Classification number | 330.1 |
| 100 1# - MAIN ENTRY--AUTHOR NAME | |
| Personal name | Fitzpatrick, Tony, |
| 245 10 - TITLE STATEMENT | |
| Title | Freedom and security |
| 260 ## - PUBLICATION, DISTRIBUTION, ETC. (IMPRINT) | |
| Place of publication | Basingstoke : |
| Name of publisher | Macmillan Press, |
| Year of publication | 1999. |
| 300 ## - PHYSICAL DESCRIPTION | |
| Number of Pages | xv, 234 p. : |
| Other physical details | ill. |
| 650 #0 - SUBJECT ADDED ENTRY--TOPICAL TERM | |
| Topical Term | Income. |
| Topical Term | Basic needs. |
| Topical Term | Liberty. |
| Topical Term | Social security. |
| Topical Term | Welfare economics. |
| 856 40 - ELECTRONIC LOCATION AND ACCESS | |
| Uniform Resource Identifier | http://site.ebrary.com/lib/rucke/Doc?id=2004471 |
No items available.
